| 000 | 00535cam a22001457a 4500 | ||
|---|---|---|---|
| 020 | _a9781844075263 (pbk. : alk. paper) | ||
| 050 | 0 | 0 |
_aTP339 _b.B54 2008 |
| 245 | 0 | 4 |
_aThe biomass assessment handbook : _bbioenergy for a sustainable environment / _cedited by Frank Rosillo-Calle ... [et al.]. |
| 260 |
_aLondon ; _aSterlling, VA : _bEarthscan, _c2008. |
||
| 300 | _axxiii, 269 p. : | ||
| 650 | 0 |
_xMeasurement. _vBiomass |
|
| 700 | 1 | _aRosillo Callé, Francisco, | |
| 856 | 4 | 1 | _uhttp://www.loc.gov/catdir/toc/fy0903/2008273320.html |
| 942 | _cGEN | ||
| 999 |
_c520 _d520 |
||